|
|
|
|
| LEADER |
00000cam a2200000 a 4500 |
| 001 |
vtls009470910 |
| 003 |
SK-MaSNL |
| 005 |
20260301082029.0 |
| 008 |
240318s2008 xo f f 001 0 slo |
| 020 |
|
|
|q (brožované)
|
| 035 |
|
|
|a C8FF55D0-AFD0-4B4E-9498-D6A479094574
|
| 035 |
|
|
|a urn:nbn:sk:snk-amtipt
|
| 035 |
|
|
|a urn:nbn:sk:snk-am00c2d5
|
| 040 |
|
|
|a SNK
|b slo
|c SNK
|e AACR2
|
| 041 |
0 |
|
|a slo
|a lat
|
| 044 |
|
|
|a xo
|c SK
|
| 072 |
|
7 |
|a 616
|x Patológia. Klinická medicína
|2 konspekt
|
| 072 |
|
7 |
|a 579
|x Mikrobiológia
|2 konspekt
|
| 080 |
|
|
|a 579.81/.87
|2 2011
|
| 080 |
|
|
|a 616
|2 2011
|
| 080 |
|
|
|a 61:579
|2 2011
|
| 080 |
|
|
|a (035)
|2 2011
|
| 080 |
|
|
|a 579.61
|2 2011
|
| 080 |
|
|
|a (031)
|2 2011
|
| 080 |
|
|
|a 579
|2 2011
|
| 100 |
1 |
|
|a Štefanovič, Ján,
|d 1928-
|4 aut
|9 155923
|
| 245 |
1 |
0 |
|a Lexikón lekárskej bakteriológie
|c Ján Štefanovič
|
| 260 |
|
|
|a [Bratislava]
|b Slovenská lekárska komora
|c 2008
|
| 300 |
|
|
|a 78 s.
|c 30 cm
|
| 504 |
|
|
|a Reg.
|
| 546 |
|
|
|a Odborné výrazy v lat.
|
| 650 |
0 |
7 |
|a baktérie
|2 SNKPH
|9 737
|
| 650 |
0 |
7 |
|a patológia
|2 SNKPH
|9 900
|
| 650 |
0 |
7 |
|a Bacteriums
|2 SNKPHeng
|9 406282
|
| 650 |
0 |
7 |
|a Pathology
|2 SNKPHeng
|9 266260
|
| 650 |
0 |
7 |
|a lekárska bakteriológia
|2 SNKPH
|9 124460
|
| 650 |
0 |
7 |
|a Medical bacteriology
|2 SNKPHeng
|9 406283
|
| 650 |
0 |
7 |
|a Medical microbiology
|2 SNKPHeng
|9 335161
|
| 650 |
0 |
7 |
|a lekárska mikrobiológia
|2 SNKPH
|9 50744
|
| 655 |
|
7 |
|a lexikóny
|2 SNKPH
|9 70702
|
| 655 |
|
7 |
|a Lexicons
|2 SNKPHeng
|9 286185
|
| 655 |
|
7 |
|a príručky
|2 SNKPH
|9 74364
|
| 655 |
|
7 |
|a Handbooks, manuals, etc.
|2 SNKPHeng
|9 90964
|
| 710 |
2 |
|
|a Slovenská lekárska komora (Bratislava, Slovensko).
|b Sekcia klinickej mikrobiológie
|4 pbl
|9 406284
|
| 958 |
|
|
|a TL
|
| 958 |
|
|
|a NB
|
| 958 |
|
|
|a MI
|
| 999 |
|
|
|c 657488
|d 659418
|
| 952 |
|
|
|a SNK
|b SNK
|y PREZ
|7 0
|p 17A1218432
|o snkSB 90888
|i snk2016/26787
|8 1
|0 0
|1 0
|4 0
|d 2016-11-16
|f 1
|l 0
|r 2025-05-14 00:00:00
|w 2026-02-23
|
| 952 |
|
|
|a SNK
|b SNK
|y VYP
|7 0
|p 17A1218433
|o snkSB 90888 D1
|i snk2016/26788
|8 1
|0 0
|1 0
|4 0
|d 2016-11-16
|l 0
|r 2026-02-23 18:42:39
|w 2026-02-23
|